Collected poems /

Bibliographic Details
Main Author: Young, Andrew, 1885-1971
Format: Book
Language:English
Published: London : Cape, 1936.

MARC

Tag First Indicator Second Indicator Subfields
LEADER 00000cam a2200000 a 4500
001 in00003487939
005 20151206122822.0
008 831019s1936 enk 00010 eng
010 |a  82180325  
039 0 |a 2  |b 3  |c 3  |d 3  |e 3 
040 |d UtOrBLW 
082 0 |a 821/.912  |2 19 
090 |a PR6047.O46  |b A6 1936 
100 1 |a Young, Andrew,  |d 1885-1971. 
240 1 0 |a Poems 
245 1 0 |a Collected poems /  |c by Andrew Young. 
264 1 |a London :  |b Cape,  |c 1936. 
300 |a 126 pages ;  |c 20 cm. 
336 |a text  |b txt  |2 rdacontent 
337 |a unmediated  |b n  |2 rdamedia 
338 |a volume  |b nc  |2 rdacarrier 
999 |a MARS 
999 f f |s 9c3980cd-200c-37c3-a7c6-41fa144aeeac  |i c006020b-57fd-348c-a5e1-c49654efa6ca  |t 0 
952 f f |p ric  |a Texas A&M University  |b Rellis Campus  |c Joint Library Facility  |d Remote Storage  |t 0  |e PR6047.O46 A6 1936  |h Library of Congress classification  |i unmediated -- volume  |m 32060004895567 
998 f f |a PR6047.O46 A6 1936  |t 0  |l Remote Storage